Statistiken für Die dichtesten Länder nach Jahren (1950-2100)

Klicken Sie hier um das Quiz zu spielen!

Allgemein

  • Dieses Quiz wurde 98 mal gespielt
  • Das Durchschnittsergebnis liegt bei 7 aus 15

Antwortstatistiken

Pays% Korrekt
Monaco
96%
Singapur
87%
Vatikanstadt
80%
Bangladesch
65%
Malta
62%
Taiwan
60%
Niederlande
58%
Belgien
57%
Bahrain
49%
Malediven
25%
Mauritius
18%
Barbados
17%
Komoren
17%
Ruanda
15%
Burundi
12%

Verteilung der Resultate

Perzentil nach korrekt beantworteten Fragen

Anzahl Personen mit jedem Resultat

Ihre Resultats-Entwicklung

Sie haben dieses Quiz noch nicht gespielt